| 000 | 00543nam a2200169 a 4500 | ||
|---|---|---|---|
| 001 | 000044915 | ||
| 005 | 20201002045728.0 | ||
| 008 | 150119s2009 dr 000 0 spa d | ||
| 020 | _a9789945010114 | ||
| 040 |
_aDO-SdBNP _bspa _cBNPHU |
||
| 082 |
_axxxxxx _bxxxxxx |
||
| 100 | 1 |
_aBera, Melvin _921001 |
|
| 245 | 1 | 4 |
_aLas dos américas / _cMelvin Bera. |
| 260 |
_aSanto Domingo : _bInstituto de investigación y Desarrollo Dominicano, _c2009. |
||
| 300 |
_a170 p. ; _c21 cm. |
||
| 500 | _aIncluye datos biográficos del autor en la contracubierta | ||
| 999 |
_c44404 _d44404 |
||